[Event "Olimpiade 2022 - Open"]
[Site "Chennai"]
[Date "05.08.2022"]
[Round "7.30"]
[Board "2"]
[White "Hillarp Persson, Tiger"]
[Black "Rahman, Ziaur"]
[Result "1/2-1/2"]
[WhiteTitle "GM"]
[BlackTitle "GM"]
[WhiteElo "2516"]
[BlackElo "2424"]
[WhiteTeam "Sweden"]
[BlackTeam "Bangladesh"]
[WhiteFideId "1700812"]
[BlackFideId "10200037"]
[EventDate "2022.07.29"]

1. c4 e6 2. Nf3 d5 3. g3 Nf6 4. Bg2 dxc4 5. O-O a6 6. Qc2 Bd6 7. Qxc4 b5 8. Qb3
Bb7 9. a4 Nbd7 10. d4 O-O 11. Bg5 Rb8 12. axb5 axb5 13. Rc1 h6 14. Bf4 Bxf4 15.
gxf4 Nd5 16. e3 Qe7 17. Ra7 b4 18. Nbd2 Rfc8 19. Qd1 N5b6 20. Nb3 Bd5 21. Raxc7
Rxc7 22. Rxc7 Qd8 23. Rc1 Na4 24. Qc2 Ndb6 25. Nc5 Rc8 26. Qe2 Nxc5 27. dxc5 Na4
28. Ne5 Bxg2 29. Kxg2 Rxc5 30. Rxc5 Nxc5 31. Qc4 Qb6 32. Kg3 f6 33. Nf3 b3 34.
Nd4 Kh8 35. Kg2 e5 36. Ne2 Qc6+ 37. Kg1 Qd6 38. fxe5 fxe5 39. Ng3 Qd1+ 40. Kg2
Qd6 41. h4 Qc6+ 42. Kf1 Qd6 43. Ke2 Kh7 44. Ne4 Nxe4 45. Qxe4+ Qg6 46. Kd3 h5
47. Qxg6+ Kxg6 48. Ke4 Kf6 49. f4 exf4 50. Kxf4 Ke6 51. e4 g6 52. Kg5 Ke5 53.
Kxg6 Kxe4 54. Kxh5 Kd3 55. Kg4 Kc2 56. h5 Kxb2 57. h6 Ka2 58. h7 1/2-1/2

[Event "Olimpiade 2022 - Open"]
[Site "Chennai"]
[Date "05.08.2022"]
[Round "7.30"]
[Board "3"]
[White "Murshed, Niaz"]
[Black "Westerberg, Jonathan"]
[Result "1/2-1/2"]
[WhiteTitle "GM"]
[BlackTitle "GM"]
[WhiteElo "2413"]
[BlackElo "2476"]
[WhiteTeam "Bangladesh"]
[BlackTeam "Sweden"]
[WhiteFideId "10200010"]
[BlackFideId "1701754"]
[EventDate "2022.07.29"]

1. d4 Nf6 2. Nf3 d5 3. c4 e6 4. Nc3 dxc4 5. e3 a6 6. Bxc4 b5 7. Bd3 Bb7 8. O-O
c5 9. Qe2 Nbd7 10. h3 Be7 11. Rd1 O-O 12. dxc5 Bxc5 13. e4 e5 14. Be3 Qb6 15.
Bxc5 Nxc5 16. Qe3 Rfe8 17. b4 Ncd7 18. Qxb6 Nxb6 19. Nd2 Rac8 20. Rac1 Rc7 21.
Nb3 Nbd7 22. f3 Rec8 23. Ne2 Kf8 24. Rxc7 Rxc7 25. Rc1 Rxc1+ 26. Nexc1 Ke7 27.
Kf2 Ne8 28. Ne2 Kd6 29. Nc3 Bc6 30. Na5 Nb6 31. Bc2 Ba8 32. Bb3 Ke7 33. Nd1 g6
34. Ne3 Nd6 35. g4 f6 36. h4 Kf8 37. Be6 Ke7 38. Bg8 Kf8 39. Bb3 Ke7 40. Ke2 Kf8
41. Be6 Ke7 42. Bg8 Kf8 43. Bb3 Ke7 44. h5 Kf8 45. Be6 Ne8 46. Bb3 Nc7 47. h6
Nd7 48. Kd3 Ne8 49. Be6 Nb6 50. Nb3 Nc7 51. Nc5 Bb7 52. g5 Nxe6 53. Nxe6+ Ke7
54. Nc5 Bc8 55. gxf6+ Kxf6 56. Nd5+ Nxd5 57. exd5 Bf5+ 58. Ne4+ Ke7 59. Ke3 Bxe4
60. fxe4 Kf6 61. Kf3 Ke7 62. Kg4 Kf6 63. Kh4 Kf7 64. Kg5 Ke7 1/2-1/2

[Event "Olimpiade 2022 - Open"]
[Site "Chennai"]
[Date "05.08.2022"]
[Round "7.30"]
[Board "4"]
[White "Berg, Emanuel"]
[Black "Mehdi, Hasan Parag"]
[Result "1-0"]
[WhiteTitle "GM"]
[BlackTitle "FM"]
[WhiteElo "2533"]
[BlackElo "2227"]
[WhiteTeam "Sweden"]
[BlackTeam "Bangladesh"]
[WhiteFideId "1704060"]
[BlackFideId "10201203"]
[EventDate "2022.07.29"]

1. e4 c6 2. d4 d5 3. Nc3 dxe4 4. Nxe4 Bf5 5. Ng3 Bg6 6. h4 h6 7. Nf3 Nd7 8. h5
Bh7 9. Bd3 Bxd3 10. Qxd3 e6 11. Bd2 Ngf6 12. O-O-O Be7 13. Kb1 O-O 14. Qe2 c5
15. Bc1 Rc8 16. Nf1 cxd4 17. Nxd4 Qb6 18. c4 Nc5 19. f3 Rfd8 20. Be3 Na4 21. Nb3
Qa6 22. Rxd8+ Rxd8 23. Ng3 Qd6 24. Bf2 b6 25. Nd4 Qd7 26. Nc2 Bc5 27. Bxc5 bxc5
28. Qe3 Qd6 29. Ne2 Qd2 30. Qxd2 Rxd2 31. Nf4 e5 32. Kc1 Rxc2+ 33. Kxc2 exf4 34.
Rh4 Kf8 35. b3 Nb6 36. Rxf4 Nbd7 37. Rh4 Ke7 38. Rh1 Ne5 39. Kd2 Nc6 40. g4 Nd4
41. Ke3 Kd6 42. Rh2 a5 43. Rd2 Ke5 44. Rg2 Nd7 45. f4+ Ke6 46. g5 Nb8 47. Ke4
Nbc6 48. gxh6 gxh6 49. Rg8 Nf5 50. Re8+ Nce7 51. Ra8 Nd6+ 52. Kf3 Nc6 53. Kg4
f5+ 54. Kf3 Ke7 55. Rh8 Nf7 56. Rc8 Kd7 57. Rg8 Ke7 58. Rc8 Kd7 59. Rg8 Ke7 60.
Ke3 Ncd8 61. Rg6 Ne6 62. a4 Nd4 63. Ra6 Nxb3 64. Kd3 Nd6 65. Kc3 Nd4 66. Rxa5
Ne2+ 67. Kb3 Nxf4 68. Ra7+ Ke6 69. a5 Ne2 70. Rh7 Nd4+ 71. Kc3 Nf7 72. a6 Nc6
73. Rg7 Na7 74. Rg6+ Ke7 75. Kd2 f4 76. Ke2 Kd7 77. Rf6 Ke7 78. Rg6 Kd7 79. Rf6
Ke7 80. Rf5 Nd8 81. Rxf4 Ne6 82. Rg4 Nc6 83. Ke3 Ng5 84. Rg1 Kd6 85. Rxg5 hxg5
86. h6 Ne5 87. h7 Nxc4+ 88. Ke2 1-0

[Event "Olimpiade 2022 - Open"]
[Site "Chennai"]
[Date "05.08.2022"]
[Round "7.31"]
[Board "2"]
[White "Druska, Juraj"]
[Black "Markov, Mikhail KGZ"]
[Result "1/2-1/2"]
[WhiteTitle "IM"]
[BlackTitle "IM"]
[WhiteElo "2519"]
[BlackElo "2333"]
[WhiteTeam "Slovakia"]
[BlackTeam "Kyrgyzstan"]
[WhiteFideId "14915650"]
[BlackFideId "13800698"]
[EventDate "2022.07.29"]

1. e4 c5 2. Nf3 d6 3. Nc3 a6 4. g3 Nc6 5. Bg2 g6 6. d4 cxd4 7. Nxd4 Bg7 8. Nxc6
bxc6 9. O-O Rb8 10. Na4 h5 11. c4 h4 12. c5 hxg3 13. hxg3 Be5 14. cxd6 exd6 15.
Be3 Bh3 16. Bxh3 Rxh3 17. Kg2 Rh5 18. Qc2 Qd7 19. Rh1 Ne7 20. Nb6 Qe6 21. Rxh5
gxh5 22. Rh1 Qg6 23. Nc4 Bg7 24. Bf4 Rd8 25. Qe2 Qe6 26. Nxd6+ Rxd6 27. Bxd6
Qxd6 28. Qxa6 Qd2 29. Qa8+ Kd7 30. Qb7+ Ke8 31. Qb8+ Kd7 32. Qb7+ Ke8 33. Rxh5
Bd4 34. Qb8+ Kd7 35. Qb7+ Ke8 36. Qa8+ Kd7 37. Qb7+ Ke8 38. Qb8+ Kd7 39. Qf4
Qxf4 40. gxf4 Bxb2 41. a4 f5 42. Kf3 c5 43. exf5 c4 44. Ke4 Bf6 45. Rh6 c3 46.
Kd3 Nd5 47. Rxf6 Nxf6 48. Kxc3 Nd5+ 49. Kd4 Nb4 50. Kc5 Nc6 51. f6 Na5 52. f5
Ke8 53. Kb4 Nb7 54. Kb5 Kf7 55. Kb6 Nd6 56. Kc6 Nc4 57. Kc5 Na5 58. Kb5 Nb7 59.
Kb6 1/2-1/2

[Event "Olimpiade 2022 - Open"]
[Site "Chennai"]
[Date "05.08.2022"]
[Round "7.31"]
[Board "3"]
[White "Abdyzhapar, Asylbek"]
[Black "Repka, Christopher"]
[Result "0-1"]
[WhiteTitle "IM"]
[BlackTitle "GM"]
[WhiteElo "2306"]
[BlackElo "2516"]
[WhiteTeam "Kyrgyzstan"]
[BlackTeam "Slovakia"]
[WhiteFideId "13800337"]
[BlackFideId "14918781"]
[EventDate "2022.07.29"]

1. c4 e5 2. g3 Nf6 3. Bg2 Bc5 4. Nc3 c6 5. Nf3 e4 6. Ng5 d5 7. d4 Bb6 8. cxd5
cxd5 9. Nh3 Nc6 10. Be3 Bf5 11. f3 exf3 12. exf3 Qe7 13. Kf2 O-O 14. g4 Bg6 15.
g5 Rae8 16. Re1 Nxd4 17. Qd2 Qxe3+ 18. Rxe3 Nc2 19. Nd1 Nh5 20. Rc1 Nxe3 21.
Nxe3 Bxe3+ 22. Qxe3 Rxe3 23. Kxe3 Re8+ 24. Kd2 Bf5 25. Rc7 g6 26. Rxb7 Rc8 27.
Bf1 d4 28. Ng1 Nf4 29. Rb4 Rc2+ 30. Ke1 Rc1+ 31. Kf2 Bd3 32. Bh3 Bc4 33. Rb8+
Kg7 34. b3 Bd5 35. Rd8 d3 36. Ke3 Rxg1 37. Kxf4 d2 38. Rxd5 d1=Q 39. Rxd1 Rxd1
40. Bc8 Rd2 41. a4 Rd3 42. a5 Rxb3 43. a6 Kf8 44. h4 Ke7 45. Kg4 Kd8 46. Bb7
Rb4+ 47. f4 Rxb7 48. axb7 Kc7 49. f5 a5 50. h5 a4 51. hxg6 hxg6 52. fxg6 fxg6 0-1

[Event "Olimpiade 2022 - Open"]
[Site "Chennai"]
[Date "05.08.2022"]
[Round "7.32"]
[Board "1"]
[White "Kadric, Denis"]
[Black "Saraci, Nderim"]
[Result "1-0"]
[WhiteTitle "GM"]
[BlackTitle "IM"]
[WhiteElo "2554"]
[BlackElo "2495"]
[WhiteTeam "Montenegro"]
[BlackTeam "Kosovo"]
[WhiteFideId "14403803"]
[BlackFideId "6351921"]
[EventDate "2022.07.29"]

1. e4 e5 2. Nf3 Nc6 3. Bc4 Bc5 4. c3 Nf6 5. d3 O-O 6. O-O d6 7. Re1 a6 8. Bb3
Ba7 9. h3 Ne7 10. Nbd2 Ng6 11. Nf1 c6 12. Ng3 d5 13. Bg5 h6 14. Bxf6 Qxf6 15.
exd5 cxd5 16. Bxd5 Nf4 17. Rxe5 Qg6 18. d4 Bb8 19. Bb3 Bxe5 20. Nxe5 Qg5 21. Qf3
Be6 22. Ne4 Qh4 23. Nc5 Qg5 24. Kh2 Bxb3 25. axb3 Ng6 26. Re1 Qd2 27. Re2 Nxe5
28. dxe5 Qd1 29. Nxb7 Qxb3 30. Nd6 Qe6 31. Nf5 Kh8 32. Nd4 Qb6 33. Qg3 a5 34. f4
Qg6 35. Qf3 f5 36. e6 Rac8 37. Re5 a4 38. e7 Rfe8 39. Nxf5 Qf6 40. Qe4 g6 41.
Nxh6 Rc7 42. Ng4 Qg7 43. f5 gxf5 44. Rxf5 Rcxe7 45. Rh5+ 1-0

[Event "Olimpiade 2022 - Open"]
[Site "Chennai"]
[Date "05.08.2022"]
[Round "7.32"]
[Board "2"]
[White "Saraci, Korab"]
[Black "Djukic, Nikola"]
[Result "0-1"]
[BlackTitle "GM"]
[WhiteElo "2287"]
[BlackElo "2526"]
[WhiteTeam "Kosovo"]
[BlackTeam "Montenegro"]
[WhiteFideId "4701968"]
[BlackFideId "922412"]
[EventDate "2022.07.29"]

1. e4 c5 2. c3 Nf6 3. e5 Nd5 4. d4 cxd4 5. Nf3 d6 6. cxd4 Nc6 7. Bc4 Nb6 8. Bb5
dxe5 9. Nxe5 Bd7 10. Nxd7 Qxd7 11. Nc3 e6 12. O-O Rd8 13. Bg5 Be7 14. Bxe7 Qxe7
15. Qf3 O-O 16. Bxc6 bxc6 17. Rfd1 Qb4 18. Qxc6 Qxb2 19. Na4 Nxa4 20. Qxa4 Qb7
21. Rdb1 Qe7 22. Rb4 g6 23. Qa5 Rd5 24. Qa4 Rfd8 25. Re1 Qd7 26. Re4 e5 27. Kf1
Qf5 28. f3 exd4 29. Rb1 Ra5 30. Qc4 Rc5 31. Qb4 d3 32. Rd1 Qc8 33. Rd4 Rcd5 34.
Rc4 Qe6 35. Re4 Qf6 36. Rd2 Kg7 37. Re3 a5 38. Qe4 Qc3 39. Ke1 Qa1+ 40. Kf2 Qc3
41. Ke1 R8d6 42. Qa4 Qc5 0-1

[Event "Olimpiade 2022 - Open"]
[Site "Chennai"]
[Date "05.08.2022"]
[Round "7.33"]
[Board "1"]
[White "Dardha, Daniel"]
[Black "Okeke Issac"]
[Result "1-0"]
[WhiteTitle "GM"]
[BlackTitle "IM"]
[WhiteElo "2575"]
[BlackElo "2204"]
[WhiteTeam "Belgium"]
[BlackTeam "Nigeria"]
[WhiteFideId "240990"]
[BlackFideId "8508526"]
[EventDate "2022.07.29"]

1. c4 Nf6 2. Nc3 e6 3. e4 d5 4. e5 d4 5. exf6 dxc3 6. bxc3 Qxf6 7. Nf3 Qd8 8. d4
Be7 9. Bd3 c5 10. O-O O-O 11. Bf4 cxd4 12. cxd4 Nc6 13. Rb1 b6 14. d5 Na5 15.
Re1 exd5 16. cxd5 Bb7 17. d6 Bf6 18. Ne5 Rc8 19. Qg4 Rc5 20. Re3 Rxe5 21. Bxe5
Bxe5 22. Rxe5 Qxd6 23. Qg3 Nc6 24. Bxh7+ Kh8 25. Re8 Qxg3 26. Rxf8+ Kxh7 27.
hxg3 1-0

[Event "Olimpiade 2022 - Open"]
[Site "Chennai"]
[Date "05.08.2022"]
[Round "7.33"]
[Board "2"]
[White "Balogun, Oluwafemi"]
[Black "Maerevoet, Sim"]
[Result "1-0"]
[WhiteTitle "IM"]
[BlackTitle "FM"]
[WhiteElo "2274"]
[BlackElo "2409"]
[WhiteTeam "Nigeria"]
[BlackTeam "Belgium"]
[WhiteFideId "8501246"]
[BlackFideId "241725"]
[EventDate "2022.07.29"]

1. e4 c5 2. Nf3 e6 3. d4 cxd4 4. Nxd4 Nf6 5. Nc3 Nc6 6. Ndb5 Bc5 7. Bf4 O-O 8.
e5 a6 9. Nd6 Bxd6 10. Qxd6 Qb6 11. exf6 Qxb2 12. Kd2 Qxa1 13. fxg7 Re8 14. Bh6
Ne7 15. Be2 Qxh1 16. Ne4 Qa1 17. g4 b5 18. c3 Qb2+ 19. Kd3 Qb1+ 20. Kd4 e5+ 21.
Ke3 f5 22. Nf6+ Kf7 23. Nxe8 f4+ 24. Kd2 Qxa2+ 25. Kc1 Qe6 26. Bf3 Bb7 27. Qxe6+
dxe6 28. Nd6+ Kg6 29. Bxb7 Rd8 30. Be4+ Kxh6 31. Nf7+ Kxg7 32. Nxd8 Kf6 33. h4
h6 34. Kc2 Nc8 35. Bb7 Nd6 36. Bxa6 e4 37. Nb7 Nc4 38. Kd1 Ne5 39. Nd6 Nxg4 40.
Nxe4+ Ke5 41. f3 Ne3+ 42. Ke2 Nf5 43. h5 Ng7 44. Bxb5 Nxh5 45. c4 Ng7 46. c5 Nf5
47. Be8 Ne7 48. Kd3 Nd5 49. Kc4 Nc7 50. Bh5 Kf5 51. c6 1-0

[Event "Olimpiade 2022 - Open"]
[Site "Chennai"]
[Date "05.08.2022"]
[Round "7.33"]
[Board "3"]
[White "Lenaerts, Lennert"]
[Black "Kigigha, Bomo"]
[Result "1-0"]
[WhiteTitle "FM"]
[BlackTitle "FM"]
[WhiteElo "2379"]
[BlackElo "2251"]
[WhiteTeam "Belgium"]
[BlackTeam "Nigeria"]
[WhiteFideId "211435"]
[BlackFideId "8500037"]
[EventDate "2022.07.29"]

1. e4 c5 2. Nf3 Nc6 3. d4 cxd4 4. Nxd4 Qb6 5. Nb3 Nf6 6. Nc3 e6 7. Be3 Qc7 8. a3
a6 9. f4 d6 10. g4 h6 11. Bg2 b5 12. h4 Bb7 13. g5 Ng8 14. f5 d5 15. exd5 Qg3+
16. Kf1 O-O-O 17. Rh3 Qe5 18. Qf3 Nce7 19. fxe6 Nxd5 20. exf7 Nge7 21. Bd4 Qd6
22. Re1 Rd7 23. Nc5 Nxc3 24. Qxb7+ Rxb7 25. Bxb7+ Kd8 26. Ne6+ Kd7 27. Bxc3 Qxe6
28. Rd3+ Qd6 29. Rxd6+ Kxd6 30. Bb4+ Kd7 31. Bxa6 hxg5 32. Bxb5+ Kd8 33. hxg5
Rh1+ 34. Kg2 Rxe1 35. Bxe1 Nd5 36. Ba5+ Ke7 37. Kf3 Kd6 38. Bc4 Ne7 39. Ke4 Kc5
40. Ba2 Nc6 41. Bb4+ Nxb4 42. axb4+ Kxb4 43. Kf5 Kc5 44. Kg6 Kd6 45. Kh7 1-0

[Event "Olimpiade 2022 - Open"]
[Site "Chennai"]
[Date "05.08.2022"]
[Round "7.33"]
[Board "4"]
[White "Adebayo, Adegboyega"]
[Black "Hovhannisyan, Mher"]
[Result "0-1"]
[WhiteTitle "FM"]
[BlackTitle "GM"]
[WhiteElo "2313"]
[BlackElo "2420"]
[WhiteTeam "Nigeria"]
[BlackTeam "Belgium"]
[WhiteFideId "8500282"]
[BlackFideId "13300865"]
[EventDate "2022.07.29"]

1. d4 d5 2. Bf4 Nf6 3. e3 g6 4. Nf3 Bg7 5. Be2 O-O 6. O-O c5 7. c3 Nc6 8. Nbd2
Nd7 9. Qb3 cxd4 10. cxd4 e5 11. dxe5 Ndxe5 12. Nxe5 Nxe5 13. Nf3 Nc6 14. Rfd1
Qb6 15. Qxb6 axb6 16. Nd4 Nxd4 17. exd4 Re8 18. Bb5 Re4 19. Be3 Bf6 20. a4 Re7
21. b3 Bd7 22. Bd3 Kg7 23. h3 h5 24. Rac1 Ree8 25. Rc2 h4 26. Kf1 Bc6 27. Be2
Re6 28. Ke1 Rae8 29. Kd2 Be7 30. Kc3 f5 31. Bd3 Bf6 32. Bf4 Rc8 33. Be5 Bxe5 34.
dxe5 d4+ 35. Kxd4 Rd8+ 36. Kc3 Rxe5 37. f3 Rc5+ 38. Kb2 Rcd5 39. Rcd2 Kf6 40.
Kc3 Kg5 41. Bc4 Rxd2 42. Rxd2 Rxd2 43. Kxd2 Kf4 44. Ke2 Kg3 45. Kf1 g5 46. Be6
Kf4 47. Ke2 b5 48. axb5 Bxb5+ 49. Kf2 Ke5 50. Bc8 b6 51. Ke3 Bf1 52. Kf2 Bd3 53.
Ke3 Bc2 54. b4 Bb1 55. Ba6 f4+ 56. Kd2 Kd4 57. Be2 Bf5 58. Bb5 Be6 59. Ba6 Bd5
60. Bb5 Bc4 61. Bd7 Bf1 62. Ke1 Ba6 0-1

[Event "Olimpiade 2022 - Open"]
[Site "Chennai"]
[Date "05.08.2022"]
[Round "7.34"]
[Board "2"]
[White "Avila Pavas, Santiago"]
[Black "Tan, Jun Ying"]
[Result "1-0"]
[WhiteTitle "IM"]
[BlackTitle "CM"]
[WhiteElo "2453"]
[BlackElo "2191"]
[WhiteTeam "Colombia"]
[BlackTeam "Malaysia"]
[WhiteFideId "4437128"]
[BlackFideId "5710413"]
[EventDate "2022.07.29"]

1. e4 c5 2. Nf3 Nc6 3. d4 cxd4 4. Nxd4 Nf6 5. Nc3 d6 6. Bg5 e6 7. Qd3 a6 8. Nxc6
bxc6 9. O-O-O Be7 10. f4 d5 11. Qg3 O-O 12. Bd3 Re8 13. h4 Rb8 14. h5 Kh8 15. h6
g6 16. f5 Nd7 17. Bf4 Rb7 18. fxe6 fxe6 19. exd5 cxd5 20. Bxa6 Ra7 21. Bb5 Bf6
22. Bxd7 Rxd7 23. Be5 Kg8 24. Rdf1 Bxe5 25. Qxe5 Qc7 26. Re1 Qxe5 27. Rxe5 Kf7
28. Rhe1 Bb7 29. Ne2 d4 30. Nf4 Rd6 31. Kd2 Ra6 32. a3 Rb6 33. Kc1 Rc6 34. g4
Rec8 35. R1e2 Ba6 36. Rf2 Ke7 37. Ra5 Kd6 38. Rd2 g5 39. Nh3 d3 40. c3 Rf8 41.
Nxg5 Rf4 42. Nxh7 Rxg4 43. Nf6 Rh4 44. Rh5 Rxh5 45. Nxh5 e5 46. Nf6 Rc8 47. h7
Rh8 48. Rg2 Bc4 49. Rg7 Bd5 50. Rg8 Rxh7 51. Rd8+ Ke7 52. Rd7+ Kxf6 53. Rxh7 Kf5
54. Kd2 Kf4 55. Rh4+ Kg3 56. Rh5 Kf4 57. Kxd3 Bb3 58. Ke2 Bc4+ 59. Ke1 e4 60. a4
Bf7 61. Rc5 Ke3 62. a5 Kd3 63. a6 e3 64. a7 1-0

[Event "Olimpiade 2022 - Open"]
[Site "Chennai"]
[Date "05.08.2022"]
[Round "7.34"]
[Board "3"]
[White "Poh, Yu Tian"]
[Black "Sanchez, Sebastian Felipe"]
[Result "0-1"]
[BlackTitle "IM"]
[WhiteElo "2118"]
[BlackElo "2440"]
[WhiteTeam "Malaysia"]
[BlackTeam "Colombia"]
[WhiteFideId "5734088"]
[BlackFideId "4403304"]
[EventDate "2022.07.29"]

1. e4 c6 2. d4 d5 3. e5 Bf5 4. h4 h5 5. Bd3 Bxd3 6. Qxd3 Qa5+ 7. Nd2 e6 8. Nf3
Ne7 9. O-O Nf5 10. Nb3 Qa6 11. Qd1 c5 12. dxc5 Nd7 13. Bg5 Bxc5 14. c3 Rc8 15.
Re1 Qa4 16. Rc1 O-O 17. a3 Nb6 18. Nxc5 Qxd1 19. Rexd1 Rxc5 20. Nd4 Nxd4 21.
cxd4 Rxc1 22. Rxc1 f6 23. exf6 gxf6 24. Bf4 Rc8 25. Rxc8+ Nxc8 26. f3 Ne7 27. g4
Nc6 28. Be3 Kh7 29. Kf2 Kg6 30. Kg3 b5 31. Kf2 a5 32. b3 a4 33. bxa4 bxa4 34.
Ke2 f5 35. g5 f4 36. Bf2 Na7 37. Be1 Nb5 38. Kd3 Nxa3 39. Bb4 Nc4 40. Kc3 Kf5
41. Bc5 a3 42. Kb3 Nd2+ 43. Kxa3 Nxf3 0-1

[Event "Olimpiade 2022 - Open"]
[Site "Chennai"]
[Date "05.08.2022"]
[Round "7.34"]
[Board "4"]
[White "Arenas, David"]
[Black "Subramaniam, Sumant"]
[Result "1-0"]
[WhiteTitle "GM"]
[BlackTitle "FM"]
[WhiteElo "2426"]
[BlackElo "2152"]
[WhiteTeam "Colombia"]
[BlackTeam "Malaysia"]
[WhiteFideId "4403177"]
[BlackFideId "5702720"]
[EventDate "2022.07.29"]

1. c4 Nf6 2. g3 g6 3. Bg2 Bg7 4. Nc3 c5 5. e4 Nc6 6. Nge2 d6 7. d3 Bd7 8. Rb1
Rb8 9. a3 a6 10. b4 cxb4 11. axb4 b5 12. cxb5 axb5 13. d4 Qc8 14. O-O h5 15. Bf4
e5 16. dxe5 dxe5 17. Bg5 h4 18. Nd5 Nxd5 19. exd5 Nd8 20. Rc1 Qa6 21. Nc3 f6 22.
Be3 hxg3 23. hxg3 Bf8 24. Ne4 f5 25. Ra1 Qc8 26. Nf6+ Kf7 27. Rc1 Kxf6 28. Rxc8
Rxc8 29. Qd2 Nf7 30. Ra1 Rc4 31. d6 Bxd6 32. Ra6 1-0

[Event "Olimpiade 2022 - Open"]
[Site "Chennai"]
[Date "05.08.2022"]
[Round "7.36"]
[Board "1"]
[White "Giron, Jorge Ernesto"]
[Black "Kiik, Kalle"]
[Result "1/2-1/2"]
[WhiteTitle "IM"]
[BlackTitle "IM"]
[WhiteElo "2288"]
[BlackElo "2365"]
[WhiteTeam "El Salvador"]
[BlackTeam "Estonia"]
[WhiteFideId "6702309"]
[BlackFideId "4500075"]
[EventDate "2022.07.29"]

1. e4 e6 2. d4 d5 3. Nd2 c5 4. exd5 exd5 5. Ngf3 Nc6 6. Be2 Nf6 7. O-O Be6 8.
Re1 cxd4 9. Nb3 Bb4 10. Bd2 Bxd2 11. Qxd2 Ne4 12. Qd1 O-O 13. Nfxd4 Qh4 14. f3
Nd6 15. Nxc6 bxc6 16. Qd4 Qxd4+ 17. Nxd4 c5 18. Nxe6 fxe6 19. c4 Rfd8 20. Rac1
Rac8 21. Bd3 dxc4 22. Bxc4 Nxc4 23. Rxc4 Rd2 24. Rxe6 Rxb2 25. a3 Rc7 26. h4 Rb6
27. Re5 Rb3 28. h5 h6 29. Kh2 Kh7 30. a4 Rb4 31. Rxb4 cxb4 32. Rb5 Rc4 33. Kh3
b3 34. Rxb3 Rxa4 35. Rb8 a5 36. Ra8 g5 37. hxg6+ Kxg6 38. g4 h5 39. Kh4 hxg4 40.
fxg4 Ra1 41. Ra6+ Kf7 42. Kg5 a4 43. Ra7+ Ke6 44. Kg6 Kd5 1/2-1/2

[Event "Olimpiade 2022 - Open"]
[Site "Chennai"]
[Date "05.08.2022"]
[Round "7.36"]
[Board "3"]
[White "Burgos Figueroa, Carlos E."]
[Black "Volodin, Aleksandr"]
[Result "1-0"]
[WhiteTitle "IM"]
[BlackTitle "GM"]
[WhiteElo "2164"]
[BlackElo "2454"]
[WhiteTeam "El Salvador"]
[BlackTeam "Estonia"]
[WhiteFideId "6700187"]
[BlackFideId "4501950"]
[EventDate "2022.07.29"]

1. e4 c5 2. Nf3 d6 3. Bb5+ Nc6 4. a4 Bd7 5. O-O a6 6. Bxc6 Bxc6 7. Re1 e5 8. d3
g6 9. Nbd2 Bg7 10. a5 Ne7 11. Nc4 Qc7 12. Nb6 Rd8 13. c4 O-O 14. Bg5 f6 15. Bd2
Nc8 16. Nxc8 Qxc8 17. b4 h6 18. h3 Kh7 19. Rb1 f5 20. Nh2 Rf7 21. Qe2 Bf6 22. f3
h5 23. Be3 Be8 24. Rb3 f4 25. Bf2 g5 26. Reb1 Rg7 27. bxc5 dxc5 28. Rb6 Rf7 29.
Qc2 Bg7 30. Qb3 Rfd7 31. Rxb7 Rxb7 32. Qxb7 Qxb7 33. Rxb7 Rxd3 34. Bxc5 Kg8 35.
Rb8 Kf7 36. Ra8 Rd1+ 37. Kf2 Rd2+ 38. Ke1 Rxg2 39. Ra7+ Kg8 40. Nf1 g4 41. fxg4
hxg4 42. hxg4 f3 43. Ne3 Re2+ 44. Kf1 Bf8 45. Bb6 Bf7 46. Ra8 Kg7 47. Nf5+ Kg8
48. Bc5 Bxc4 49. Rxf8+ Kh7 50. Nd6 1-0

[Event "Olimpiade 2022 - Open"]
[Site "Chennai"]
[Date "05.08.2022"]
[Round "7.37"]
[Board "1"]
[White "Hernandez Guerrero, Gilberto"]
[Black "Christie, Joshua"]
[Result "1/2-1/2"]
[WhiteTitle "GM"]
[BlackTitle "FM"]
[WhiteElo "2560"]
[BlackElo "2272"]
[WhiteTeam "Mexico"]
[BlackTeam "Jamaica"]
[WhiteFideId "5100011"]
[BlackFideId "7402074"]
[EventDate "2022.07.29"]

1. e4 e5 2. Nf3 Nc6 3. Bb5 a6 4. Ba4 Nf6 5. O-O Be7 6. Re1 b5 7. Bb3 O-O 8. h3
d6 9. c3 Na5 10. Bc2 c5 11. d4 Nd7 12. Nbd2 exd4 13. cxd4 Nc6 14. a4 Rb8 15. Nb3
Nb6 16. axb5 axb5 17. Bf4 Rb7 18. Bb1 Na4 19. Qe2 c4 20. d5 Ne5 21. Nbd4 Bf6 22.
Nxe5 dxe5 23. Nc6 Qc7 24. Bd2 Bd7 25. Ba5 Nb6 26. Nb4 Ra7 27. Qe3 Qb7 28. Ra3
Na4 29. Nc6 Ra6 30. Bb4 Re8 31. b3 Nb6 32. Na5 Qa8 33. Bc2 Rc8 34. Rea1 cxb3 35.
Nxb3 Rxa3 36. Rxa3 Qb8 37. Nc5 Nc4 38. Nxd7 Nxe3 39. Nxb8 Nxc2 40. Rc3 Rxc3 41.
Bxc3 b4 42. Bb2 Ne1 43. Nc6 Nd3 44. Ba1 b3 45. d6 Nc5 46. Kf1 Kf8 47. f3 Ke8 48.
Na5 Kd7 49. Nc4 Kc6 50. Ke2 Kb5 51. Nxe5 Nd7 52. f4 Bxe5 53. Bxe5 Nxe5 54. fxe5
b2 55. d7 b1=Q 56. d8=Q Qxe4+ 57. Kf2 Qxe5 58. Qd7+ Kc5 59. Qxf7 Kd6 60. Qf8+ 1/2-1/2

[Event "Olimpiade 2022 - Open"]
[Site "Chennai"]
[Date "05.08.2022"]
[Round "7.37"]
[Board "2"]
[White "Smith, Shreyas"]
[Black "Ibarra Chami, Luis Fernando"]
[Result "1-0"]
[WhiteTitle "FM"]
[BlackTitle "GM"]
[WhiteElo "2147"]
[BlackElo "2452"]
[WhiteTeam "Jamaica"]
[BlackTeam "Mexico"]
[WhiteFideId "7400713"]
[BlackFideId "5105048"]
[EventDate "2022.07.29"]

1. e4 c5 2. c3 Nf6 3. e5 Nd5 4. d4 cxd4 5. Nf3 e6 6. cxd4 b6 7. Bc4 Bb7 8. O-O
Be7 9. Bxd5 Bxd5 10. Nc3 Bb7 11. d5 exd5 12. Nd4 g6 13. Bh6 Bg5 14. Bxg5 Qxg5
15. f4 Qh4 16. Ndb5 O-O 17. a3 d4 18. Qxd4 Qg4 19. Rf2 Nc6 20. Qd1 Qxd1+ 21.
Rxd1 Rad8 22. Nd5 Kg7 23. Nd6 Ba8 24. b4 Nb8 25. Nf6 a6 26. Nc4 b5 27. Nb6 Bc6
28. Rd6 h6 29. g4 Rh8 30. h4 Bb7 31. Rfd2 g5 32. Nh5+ Kh7 33. hxg5 hxg5 34. fxg5
Bc6 35. Rf2 Rdf8 36. Rdf6 Be4 37. Rh6+ 1-0

[Event "Olimpiade 2022 - Open"]
[Site "Chennai"]
[Date "05.08.2022"]
[Round "7.38"]
[Board "1"]
[White "Makoto, Rodwell"]
[Black "Solomon, Kenny"]
[Result "1/2-1/2"]
[WhiteTitle "IM"]
[BlackTitle "GM"]
[WhiteElo "2346"]
[BlackElo "2355"]
[WhiteTeam "Zimbabwe"]
[BlackTeam "South Africa"]
[WhiteFideId "11000120"]
[BlackFideId "14300192"]
[EventDate "2022.07.29"]

1. Nf3 d5 2. g3 g6 3. Bg2 Bg7 4. d4 Nf6 5. O-O O-O 6. c4 c6 7. cxd5 cxd5 8. Ne5
Nfd7 9. Nf3 Nf6 10. Ne5 Nfd7 11. Nf3 Nf6 1/2-1/2